Ein Manuskript von Paul Kühnel über die slawischen Orts- und Flurnamen der Insel Rügen

Titel: Ein Manuskript von Paul Kühnel über die slawischen Orts- und Flurnamen der Insel Rügen
Verfasser:
In: Onomastica Slavogermanica, Band 21 (1994), Seite 153-160
alle Artikel anzeigen
Veröffentlicht: 1994
Format: Aufsatz
Sprache: Deutsch
Kein Bild verfügbar
X
alg: 39155065
001A    $01999:11-11-16 
001B    $01999:15-05-21 $t20:55:59.000 
001C    $06050:19-11-16 $t08:51:21.000 
001D    $01999:11-11-16 
001U    $0utf8 
001X    $00 
002@    $0Aox 
003@    $0391550659 
007A    $0391550659 $aHEB 
007T    $0Herd53435 
010@    $ager 
011@    $a1994 
021A    $aEin @Manuskript von Paul Kühnel über die slawischen Orts- und Flurnamen der Insel Rügen 
028A    $aHoffmann $dEdgar 
031A    $d21 $h153-160 $j1994 
039B    $aIn $8--Abvc--. Onomastica Slavogermanica. - Stuttgart ; Leipzig : Hirzel, 1965-. - ISSN 0474-1471 $x199400000210000847 $9047296038 
045F    $a417.70943816 $eDDC23BSB 
045F/01 $a417.7 
045F/03 $g43816 
045T    $a7,11 $a7,39 
045T    $aLING $qDE-30 $2FID 
045T    $aGER $qDE-30 $2FID 

lok: 39155065 78

exp: 39155065 78 1 #EPN
201B/01 $004-03-18 $t21:34:12.000 
201U/01 $0utf8 
203@/01 $0787644862 
208@/01 $a11-11-16 $be 
209A/01 $a/ $f000 $x00 
220C/01 $aTitelaufnehmer: as 
244Z/01 $2Trx $#Pomeranija $#Pommern $#Pomoransko $#Pomořansko $#Hinterpommern;Vorpommern;Mittelpommern $#Pomorze Środkowe;Pomorze Przednie $#Pomořansko;Západní Pomořany; Pomořany $8--Trx--Pomorze Zachodnie $x01 $9391303775 
244Z/01 $#Rügen $74050875-4 $8--Tg1--Rügen $x02 $9085141852 
244Z/01 $aGeschichte 1848-1924 $x03 
244Z/01 $2Trx $8--Trx--Kühnel, Paul$Z1848-1924 $x04 $9390900974 
244Z/01 $2Trx $#nimeteadus asukohad $#onomastika vietovardžiai $#onomatology places $#névtan helységek $#onomastyka, miejscowości $#onomastika miesta $#onomastika místa $#Toponomie $#toponomastyka $#toponomastika $8--Trx--Namenkunde$gOrte $x05 $9391383450 
244Z/01 $2Trx $#nimeteadus väljad $#onomastika laukai $#onomatology fields/small administrative areas $#névtan mezök $#onomastyka, grunty $#toponomastika $#toponomastika jména pomístní $8--Trx--Namenkunde$gFluren $x06 $9391383469 
244Z/01 $2Trx $#nimedeuurijad $#onomastai $#study of names $#névtan kutató $#onomastycy $#onomastici $#onomastici $8--Trx--Namenforscher $x07 $9391360167 
244Z/01 $2Trx $8--Trx--Zeitschriftenaufsatz $x08 $9391384341 
245Z/01 $a11.07 $x01 
247C/01 $82080>Marburg/Lahn, Herder-Institut, Forschungsbibliothek, Bibliographieportal $9336309341
LEADER 00000caa a22000002c 4500
001 391550659
003 DE-603
005 20210515205559.0
007 tu
008 161111s1994 xx |||| | u00||u|ger c
035 |a (DE-599)HEB391550659 
040 |a DE-603  |b ger  |c DE-603  |d DE-603 
041 |a ger 
082 0 4 |8 1\u  |a 417.70943816  |q DE-101  |2 23/BSB 
084 |a 7,11  |a 7,39  |2 ssgn 
084 |a LING  |q DE-30  |2 fid 
084 |a GER  |q DE-30  |2 fid 
085 |8 1\u  |b 417.7 
085 |8 1\u  |z 2  |s 43816 
100 1 |a Hoffmann, Edgar 
245 0 0 |a ˜Einœ Manuskript von Paul Kühnel über die slawischen Orts- und Flurnamen der Insel Rügen 
264 0 |c 1994 
773 0 8 |i In  |t Onomastica Slavogermanica  |d Stuttgart ; Leipzig : Hirzel, 1965-  |h 24 cm  |x 0474-1471  |g Band 21 (1994), Seite 153-160  |w (DE-603)047296038  |w (DE-600)207370-5 
924 0 |9 2080  |a (DE-603)787644862  |b DE-2080  |c HES  |d d  |g /